00636nam a2200157 i 4500001000700000003000900007005001700016007000300033008004100036100003400077245019800111260004000309300002600349711007900375852002400454143324ES-MaACL20230906200800.0t|070214s1924 sp |||| | spa d1 aSerrano y Aguado, Gregorio F.13aLa patria del obispo don Bernardo y la nuestra b: artículos publicados en "El Henares" de dicha ciudad : al final el Himno (Canto y piano) del Centenario / cGregorio Fidel Serrano y Aguado. aSigüenza : bPascual Box, c1924. a40 p. ; c22 x 15 cm.2 aCentenario de la Reconquista de la ciudad de Sigüenza (d1924? (n. 8º) aES-MaACLj1674-F-17